| 000 | 00654 a2200217 4500 | ||
|---|---|---|---|
| 003 | Nust | ||
| 005 | 20170207164714.0 | ||
| 020 | _a1-55860-659-9 (pbk.) : | ||
| 035 | _a(Uk)013069726 | ||
| 040 | _cNust | ||
| 082 | 0 | 4 | _a006.693 |
| 100 | 1 | _aMcReynolds, Tom | |
| 245 | 1 | 0 |
_aAdvanced graphics programming using OpenGL /(E BOOK) _cTom McReynolds, David Blythe |
| 260 |
_aSan Francisco, Calif. : _bMorgan Kaufmann, _ccop. 2005 |
||
| 300 | _axxviii, 644 s. : | ||
| 440 | 4 | _aThe Morgan Kaufmann series in computer graphics and geometric modeling | |
| 500 | _aE Book | ||
| 650 | 7 | _aComputer graphics | |
| 650 | 7 | _aDatorgrafik | |
| 700 | 1 |
_aBlythe, David, _d1961- |
|
| 942 |
_2ddc _cBK |
||
| 999 |
_c209695 _d209695 |
||